000 00331 a2200109 4500
001 ART_11356
005 20260410161856.0
008 260409a
245 1 0 _aDesempleo por apertura de la economía
100 1 _aDiaz Cafferata, Alberto M.
773 0 _tRevista de Economía
_g- Nº 57 (oct./dic. 1989)
_wREV11077
999 _c25499
_d25499